Forest resource policy

Bibliographic Details
Main Author: Cubbage, Frederick W.
Other Authors: Bullock, Charles S., , 1942-, O'Laughlin, Jay
Format: Book
Published: New York : John Wiley & Sons , c1993.
Subjects:

MARC

LEADER 00000cam a2200000 7i4500
001 0000003579
005 20070809.0
020 0 0 |a 0471622451 
090 0 0 |a 333.750973   |b CUB 
100 1 0 |a Cubbage, Frederick W. 
245 1 0 |a Forest resource policy   |c Frederick W. Cubbage, Jay O'Laughlin, Charles S. Bullock III. 
260 0 0 |a New York :   |b John Wiley & Sons ,   |c c1993. 
300 |a xxiii, 562 p. :   |b ill. ;   |c 26 cm. 
504 0 0 |a Includes bibliographical references and index. 
650 0 0 |a Forest policy   |z United States. 
700 1 1 |a Bullock, Charles S., ,   |d 1942- 
700 1 1 |a O'Laughlin, Jay. 
999 |a 0000006989   |b Monograph   |c Open Shelf   |e Default branch